000 00797cab a2200241 4500
001 WB3333-60
008 090401t1997 xxu||||| |||| 00| 0 eng d
035 _a(Sirsi) u80346
041 _aeng
245 _aHouse-buyers supermarket
260 _c1997
350 _a0
490 _aIndependent on Sunday
_v17 August 1997, 11(2)
520 _aSolicitors Property Centres (SPCs) could be on high streets by early 1998. The centres will provide a one-stop shop for buyers and sellers offering a full legal service, details of properties and financial advice.
650 _aGAZUMPING
650 _aHOUSE BUYERS
650 _aLAW SOCIETY
650 _aONE-STOP SHOPS
650 _aSOLICITORS PROPERTY CENTRES
690 _aPROPERTY LAW AND PRACTICE
942 _n0
948 _c19/08/1997
999 _c50604
_d50604